Регионална библиотека "Любен Каравелов" - Русе

Професионална акушеро-гинекологична патология (Запис номер 203649)

MARC детайли
000 -Лидер
Контролно поле с фиксирана дължина 01551nam a2200337 c 4500
003 - Код на организацията, давaща контролен номер
Контролно поле BLK
005 - Дата и час на последна редакция
Контролно поле 20180421001557.0
008 - Елементи от данни с фиксирана дължина
fixed length control field 180411b bul|||||r ||||||| ||bul||
010 ## - Наследен системен номер
LC control number KNG00213185000
040 ## - Източник на каталожния запис
Идентификатор на билиотеката - собственик на записа BLK
041 ## - Код за език
Код за езика на текст/звукозапис или на отделно заглавие Български
Код за езика КДБФ Български
080 ## - УДК
Текстов определител УДК Болести на пикочния мехур - Цистит, пикочнокаменна болест, разстройства в отделянето на урината
УДК код - определител по УДК 616.62
УДК определител :618
УДК - код + определител 616.62:618
100 1# - Редна дума - Автор
Автор Панова, Златка Христова
Авторска отговорност първи автор
R(LIN) 350151
139 ## - Редно поле
Редна дума Панова, Златка Христова
Авторски знак Пано - П 18
245 10 - Сведения за заглавието
Заглавие Професионална акушеро-гинекологична патология
Редно поле (дума) Златка Христова Панова.
257 ## - Страна на издаване
Страна на създаване/издаване България
260 ## - Област на издателските данни
-- София
Име на издателя, разпространителя и проч. Медицина и физкултура
Година на издаване 1988
Печатница Пловдив : Д. Благоев
300 ## - Физическа характеристика
Страници 147 с.
Илюстрации и др. с табл., диагр.
Размери/Мащаб 22 см
380 ## - Жанр
Жанр Медицина
500 ## - Общи забележки
Забележка 2 809 тир. - Библиогр. с. 131-143. - Рез. на рус., англ. ез. - 1,41 лв.
650 #4 - Допълнително описание по предмет – тема
Основно описание – тема или топоним Професионални болести
9 (RLIN) 271600
650 #4 - Допълнително описание по предмет – тема
Основно описание – тема или топоним Полови органи, женски - болести
9 (RLIN) 245139
653 ## - Ключова дума – ненормативна
Ключова дума професионални болести
653 ## - Ключова дума – ненормативна
Ключова дума полови органи
653 ## - Ключова дума – ненормативна
Ключова дума болести
852 ## - Местоположение
Форматна сигнатура Цб 156314
856 4# - Електронен адрес и достъп
Електронен формат pdf - файл
Път до файла /url/
856 4# - Електронен адрес и достъп
Електронен формат pdf - файл
Път до файла /url/
942 ## - АРТИКУЛИ
Вид на библиотечния материал Книги
Скрит в OPAC Не
944 ## - СЪЗДАВАНЕ И РЕДАКЦИЯ на ЗАПИСА
Създаване/Редакция Създаване
Дата на регистрацията/редакция 12.10.2017
Служител, извършил регистрацията/редакцията Радостина_Карадакова
944 ## - СЪЗДАВАНЕ И РЕДАКЦИЯ на ЗАПИСА
Създаване/Редакция Редакция
Дата на регистрацията/редакция 12.10.2017
Служител, извършил регистрацията/редакцията Радостина_Карадакова
999 ## - СИСТЕМНИ КОНТРОЛНИ НОМЕРА
Koha biblionumber 203649
Koha biblioitemnumber 203649
Наличности
Код за отписване Код за изгубен артикул Източник на класификационната схема Код за повреда Коз за рестрикции Код за отдаване Артикулен № Име на библиотеката - собственик Име на библиотеката, в която се намира в момента Статус (Текущо местоположение) Дата на вписване в системата Местоположение - отдел Цена в лева Инвентарен номер Систематично азбучна сигнатура Баркод Номер на екземпляра Цена в евро Служебна бележка Служебен тип на артикула
  Не е изгубен Universal Decimal Classification Не е повреден без рестрикции ползва се в читалня 351562 Регионална библиотека "Любен Каравелов" Русе Регионална библиотека "Любен Каравелов" Русе Хранилище 1988-01-01 Хранилище 1.41 511869 Цб 156314 120000511869 1 0.72 N: стар фонд Дата: 01.01.1988 Книги
Vip Innovations Ltd, Rousse, Bulgaria 2025